Algebra / (Record no. 131)
[ view plain ]
| 000 -LEADER | |
|---|---|
| fixed length control field | 00352cam a2200145ua 4500 |
| 082 ## - DEWEY DECIMAL CLASSIFICATION NUMBER | |
| Classification number | 512 |
| Item number | MAN/AL |
| 100 ## - MAIN ENTRY--AUTHOR NAME | |
| Personal name | Manicavachagom , Pillay T. K. |
| 245 ## - TITLE STATEMENT | |
| Title | Algebra / |
| 250 ## - EDITION STATEMENT | |
| Edition statement | 1 / |
| 260 ## - PUBLICATION, DISTRIBUTION, ETC. (IMPRINT) | |
| Place of publication | Chennai : |
| Name of publisher | S.Viswanathan , |
| Year of publication | 1970. |
| 300 ## - PHYSICAL DESCRIPTION | |
| Number of Pages | 534 ; . |
| 700 1# - ADDED ENTRY--PERSONAL NAME | |
| Personal name | Ganapathy, K S . |
| 700 1# - ADDED ENTRY--PERSONAL NAME | |
| Personal name | Natrajan, T . |
| 942 ## - ADDED ENTRY ELEMENTS (KOHA) | |
| Koha item type | Books |
| Withdrawn status | Lost status | Damaged status | Home library | Current library | Date acquired | Full call number | Accession Number | Koha item type |
|---|---|---|---|---|---|---|---|---|
| KAUAET | KAUAET | 07/04/2012 | 512 | 13226 | Books |
